Freedom in January (Record no. 118459)
[ view plain ]
| 000 -LEADER | |
|---|---|
| fixed length control field | 01002cam a2200193 4500 |
| 001 - CONTROL NUMBER | |
| control field | WB@3612-581 |
| 008 - FIXED-LENGTH DATA ELEMENTS--GENERAL INFORMATION | |
| fixed length control field | 041216n2004 000 0 eng u |
| 035 ## - SYSTEM CONTROL NUMBER | |
| System control number | (Sirsi) u128339 |
| 245 ## - TITLE STATEMENT | |
| Title | Freedom in January |
| 260 ## - PUBLICATION, DISTRIBUTION, ETC. | |
| Date of publication, distribution, etc. | 2004 |
| 490 ## - SERIES STATEMENT | |
| Series statement | Department for Constitutional Affairs Press Notice |
| Volume/sequential designation | 10 December 2004 (3) |
| 520 ## - SUMMARY, ETC. | |
| Summary, etc. | The Freedom of Information Act 2000 comes fully into effect on 1 January 2005. With this in mind the government has taken an important step to creating a simple system for the exchange of information between public bodies and the public. Regulations include no charge for search and collation time for the vast majority of requests and the fees regime will be easy for public bodies to operate. Full details are available on the website. http://www.gnn.gov.uk/Content/Detail.asp?ReleaseID =138941&NewsAreaID=2 |
| 590 ## - LOCAL NOTE (RLIN) | |
| Local note | WB |
| 590 ## - LOCAL NOTE (RLIN) | |
| Local note | WB |
| 650 ## - SUBJECT ADDED ENTRY--TOPICAL TERM | |
| Topical term or geographic name entry element | FREEDOM OF INFORMATION ACT 2000 |
| 650 ## - SUBJECT ADDED ENTRY--TOPICAL TERM | |
| Topical term or geographic name entry element | ACCESS TO INFORMATION |
| 690 ## - LOCAL SUBJECT ADDED ENTRY--TOPICAL TERM (OCLC, RLIN) | |
| Topical term or geographic name as entry element | LAW-UK |
| 942 ## - ADDED ENTRY ELEMENTS (KOHA) | |
| Suppress in OPAC | 0 |
| Withdrawn status | Lost status | Source of classification or shelving scheme | Damaged status | Not for loan | Home library | Current library | Shelving location | Date acquired | Total Checkouts | Full call number | Barcode | Date last seen | Copy number | Price effective from | Koha item type |
|---|---|---|---|---|---|---|---|---|---|---|---|---|---|---|---|
| Other/Generic Classification Scheme | London | London | RICS Boxes | 16/12/2004 | WB@3612-581 | 128339-1001 | 06/08/2019 | 1 | 06/08/2019 | Book |